IRRISTAT user's manual [ photocopy ]

में बचाया:
ग्रंथसूची विवरण
मुख्य लेखक: IRRI
स्वरूप: पुस्तक
भाषा:Undetermined
प्रकाशित: Philippines IRRI 1992
विषय:
टैग : टैग जोड़ें
कोई टैग नहीं, इस रिकॉर्ड को टैग करने वाले पहले व्यक्ति बनें!
Thư viện lưu trữ: Trung tâm Học liệu Trường Đại học Cần Thơ
LEADER 00454nam a2200169Ia 4500
001 CTU_5138
008 210402s9999 xx 000 0 und d
082 |a 005.74 
082 |b I71 
100 |a IRRI 
245 0 |a IRRISTAT user's manual [ photocopy ] 
245 0 |c IRRI 
260 |a Philippines 
260 |b IRRI 
260 |c 1992 
650 |a programming languages ( electronic computers ) 
980 |a Trung tâm Học liệu Trường Đại học Cần Thơ